000 00904nam a2200265 i 4500
003 DO-SdBNP
005 20231220110145.0
007 ta
008 110413s2011 dr a 000 j spa d
020 _a9789945475197
040 _aDO-SdBNP
_bspa
_cBNPHU
_erda
082 4 _aRD861.5
_bM385t
_222
100 1 _aMartínez, Ninoska
_911765
_eautora
245 1 0 _aToda mujer /
_cNinoska Martínez ; presentación Odalis G. Pérez
264 1 _aSanto Domingo :
_bRumbo Sur,
_c2011.
300 _a97 páginas :
_bIlustraciones ;
_c23 cm.
336 _2rdacontent
_atexto
_btxt
337 _2rdamedia
_asin mediación
_bn
338 _2rdacarrier
_avolumen
_bnc
500 _aIncluye datos biográficos del autor en la solapa de la cubierta
590 _aInventariado, 2023/ YL
700 1 _aPérez, Odalis G.
_epresentación
_984642
910 _aYLockward/Validado. Control de calidad MFF
942 _2ddc
_cLBS1
999 _c55501
_d55501